00410cam a22001452 4500001001100000005001700011008004100028020002600069040001500095100003200110245005600142260002900198300001400227650002300241000000008020151217155800.0070109s xx 000 0 eng d a9966855556 :cKES 200 aKABUcKABU1 aMwiti, Peter R.@000014807010aUnderstanding grief as a process /cPeter R. Mwiti. aNairobi :bUzima,c2003. aix, 50 p. 0aGrief.@0000148071